| 000 | 01246cam a2200349 i 4500 | ||
|---|---|---|---|
| 999 |
_c13032 _d13032 |
||
| 001 | 1293645 | ||
| 003 | EG-ScBUE | ||
| 005 | 20210121140706.0 | ||
| 008 | 760709s1963 enka f 000 1 eng d | ||
| 020 | _a582528909 | ||
| 040 |
_aDLC _beng _erda _cDLC _dDLC _dOCoLC _dEG-ScBUE |
||
| 043 | _aa-cc--- | ||
| 082 | 0 | 4 |
_a813.52 _bBUC _222 |
| 100 | 1 |
_aBuck, Pearl S. _q(Pearl Sydenstricker), _d1892-1973, _eauthor. _99917 |
|
| 245 | 1 | 4 |
_aThe good earth / _cby Pearl S. Buck ; abridged and simplified by Alan Ronaldson ; illustrated by James Russell. |
| 264 | 1 |
_aLondon : _bLongman Group Limited, _c1963. |
|
| 300 |
_a133 pages : _billustrations ; _c24 cm. |
||
| 336 |
_2rdacontent _atext _btxt |
||
| 337 |
_2rdamedia _aunmediated _bn |
||
| 338 |
_2rdacarrier _avolume _bnc |
||
| 490 | _aLongman simplified English series | ||
| 650 | 7 |
_aFarmers' spouses _vFiction. _2BUEsh _99918 |
|
| 650 | 7 |
_aFarm life _vFiction. _2BUEsh _99920 |
|
| 650 | 7 |
_99919 _aMarried women _vFiction. _2BUEsh |
|
| 651 | 7 |
_aChina _vFiction. _2BUEsh _99921 |
|
| 653 |
_bHHUUEENN _cJanuary2021 |
||
| 655 | 7 |
_aDomestic fiction. _2lcsh _vReading book |
|
| 700 | 1 |
_99915 _aRonaldson, Alan, _econtributor. |
|
| 700 | 1 |
_99916 _aRussell, James, _eillustrator. |
|
| 942 |
_2ddc _cBB |
||